000 00586nam a2200157 a 4500
001 000028722
005 20200930055111.0
008 110412s2007 dr 000 0 spa d
040 _aDO-SdBNP
_bspa
_cBNPHU
110 1 _aRepública Dominicana
_bPoder Judicial
_bSuprema Corte de Justicia
_955712
240 1 0 _a[Leyes, etc]
245 1 0 _aResolución No. 1651-2007 :
_bque deroba y sustituye el reglamento del fondo de retiro, pensiones y jubilacioenes del Poder Judicial /.
260 _aSanto Domingo :
_bSuprema Corte de Justicia,
_c[2007].
300 _a21 p. ;
_c23 cm.
049 _aBNPD
999 _c28214
_d28214